[Event "GER-ch U10"]
[Site "Willingen"]
[Date "2017.06.05"]
[Round "4"]
[White "Fathke, Luke"]
[Black "Fink, Moritz"]
[Result "1/2-1/2"]
[WhiteElo "1327"]
[BlackElo "1162"]
[PlyCount "53"]
[EventDate "2017.06.04"]
[EventType "swiss"]
[EventRounds "11"]
[EventCountry "GER"]
[SourceTitle "CBM 178 Extra"]
[Source "ChessBase"]
[SourceDate "2017.06.22"]
[SourceVersion "1"]
[SourceVersionDate "2017.06.22"]
[SourceQuality "1"]

1. e4 e5 2. Nf3 Nc6 3. Bc4 Bc5 4. c3 Nf6 5. d4 exd4 6. e5 Qe7 7. Qe2 Ng4 8. 0-0 0-0 9. Bg5 Qe8 10. Bd3 Ngxe5 11. Nxe5 Qxe5 12. Qh5 h6 13. f4 Qe3+ 14. Rf2 Qxd3 15. Nd2 dxc3 16. Raf1 hxg5 17. fxg5 Bxf2+ 18. Rxf2 cxd2 19. Rf1 Re8 20. Qxf7+ Kh7 21. Qh5+ Kg8 22. Qxe8+ Kh7 23. Qh5+ Kg8 24. Qe8+ Kh7 25. Qh5+ Kg8 26. Qe8+ Kh7 27. Qh5+ 1/2-1/2